000 00382nam a2200109Ia 4500
008 171204s9999 xx 000 0 und d
245 _aParticipatory Creativity: Introducing Access and Equity to the Creative Classroom:
245 _cEdward P. Clapp
260 _c2016
650 _xField Study 4: Exploring the Curriculum
856 _uhttp://down.ebook777.com/036/978-1138945265.pdf
999 _c345827
_d345827